<?xml version="1.0" encoding="UTF-8"?>
<record
    xmlns:xsi="http://www.w3.org/2001/XMLSchema-instance"
    xsi:schemaLocation="http://www.loc.gov/MARC21/slim http://www.loc.gov/standards/marcxml/schema/MARC21slim.xsd"
    xmlns="http://www.loc.gov/MARC21/slim">

  <leader>00602nas a22001937a 4500</leader>
  <datafield tag="999" ind1=" " ind2=" ">
    <subfield code="c">6538</subfield>
    <subfield code="d">6538</subfield>
  </datafield>
  <controlfield tag="003">OSt</controlfield>
  <controlfield tag="005">20181023113548.0</controlfield>
  <controlfield tag="008">130628u1999    sp ||||| |||| 00| 0 cat d</controlfield>
  <datafield tag="040" ind1=" " ind2=" ">
    <subfield code="c">CDMR</subfield>
    <subfield code="b">cat</subfield>
  </datafield>
  <datafield tag="245" ind1=" " ind2="0">
    <subfield code="a">Paideia TV</subfield>
  </datafield>
  <datafield tag="260" ind1=" " ind2=" ">
    <subfield code="a">Barcelona</subfield>
    <subfield code="b">Observatori Europeu de la Televisi&#xF3; Infantil </subfield>
  </datafield>
  <datafield tag="260" ind1=" " ind2=" ">
    <subfield code="b">Comissionat de les Arts Audiovisuals de Barcelona</subfield>
    <subfield code="c">1999-2010?</subfield>
  </datafield>
  <datafield tag="300" ind1=" " ind2=" ">
    <subfield code="a">v.</subfield>
    <subfield code="c">cm.</subfield>
  </datafield>
  <datafield tag="310" ind1=" " ind2=" ">
    <subfield code="a">Anual</subfield>
  </datafield>
  <datafield tag="362" ind1=" " ind2=" ">
    <subfield code="a">N&#xFA;m. 1 (nov. 1999) - N&#xFA;m. 12 (2010)</subfield>
  </datafield>
  <datafield tag="650" ind1="0" ind2="4">
    <subfield code="9">2508</subfield>
    <subfield code="a">Televisi&#xF3; i infants</subfield>
    <subfield code="v">Revistes</subfield>
  </datafield>
  <datafield tag="710" ind1="2" ind2=" ">
    <subfield code="9">3893</subfield>
    <subfield code="a">Observatori Europeu de la Televisi&#xF3; Infantil</subfield>
  </datafield>
  <datafield tag="856" ind1=" " ind2=" ">
    <subfield code="u">http://www.oeti.org/web/festival-publicaciones-old.php</subfield>
    <subfield code="y">Disponible resums de la revista (Portal Web)</subfield>
  </datafield>
  <datafield tag="942" ind1=" " ind2=" ">
    <subfield code="2">udc</subfield>
    <subfield code="c">SER</subfield>
  </datafield>
  <datafield tag="952" ind1=" " ind2=" ">
    <subfield code="0">0</subfield>
    <subfield code="1">0</subfield>
    <subfield code="4">0</subfield>
    <subfield code="7">0</subfield>
    <subfield code="a">CDMR</subfield>
    <subfield code="b">CDMR</subfield>
    <subfield code="d">2013-01-16</subfield>
    <subfield code="h">N&#xFA;m. 1 (nov. 1999) - N&#xFA;m. 12 (2010)</subfield>
    <subfield code="l">0</subfield>
    <subfield code="r">2013-06-28</subfield>
    <subfield code="w">2013-06-28</subfield>
    <subfield code="y">SER</subfield>
  </datafield>
</record>
